Sermones Mariani, Pro Festis Celebrioribus totius anni,...

Bibliographic Details
Main Author: Bossányi, Serafín (Author)
Format: Book
Language:Undetermined
Published: Agriae Typis Scholae Episcopalis 1769

MARC

LEADER 00000nam a2200000 a 4500
001 vtls001226797
003 SK-MaSNL
005 20260301112733.0
008 240314s1769 xx 0 und
020 |c 2000,00 
035 |a SNK000173799 
040 |a SNK  |b slo  |c SNK  |e AACR2 
100 1 |a Bossányi, Serafín  |4 aut  |9 453895 
245 1 0 |a Sermones Mariani, Pro Festis Celebrioribus totius anni,... 
260 |a Agriae  |b Typis Scholae Episcopalis  |c 1769 
958 |a ONDV 
999 |c 711410  |d 713340 
952 |t P60, <03>, [BOOK], {603}  |a SNK  |b SNK  |y PREZ  |7 0  |o snkSD 26692  |i snkK 809/65  |0 0  |1 0  |4 0  |d 1996-04-22  |l 0  |r 2005-01-01 00:00:00  |w 2026-02-23 
952 |t P60, <04>, [BOOK], {604}  |a SNK  |b SNK  |y VYP  |7 0  |o snkSD 26692 D1  |i snkF 860/76  |0 0  |1 0  |4 0  |d 1996-04-22  |l 0  |r 2005-01-01 00:00:00  |w 2026-02-23 
952 |t P60, <04>, [BOOK], {604}  |a SNK  |b SNK  |y VYP  |7 0  |p 17A0003312  |o snkSD 26692 D2  |i snkK 318/96  |0 0  |1 0  |4 0  |d 1996-04-22  |l 0  |r 2005-01-01 00:00:00  |w 2026-02-23